JRE-IKST-002の採用駅 - Statistics

General Stats
  • This quiz has been taken 16 times
  • The average score is 19 of 22
Answer Stats
Answer % Correct
武蔵浦和
100%
西船橋
92%
三郷
92%
新三郷
92%
吉川美南
92%
吉川
92%
越谷レイクタウン
92%
東川口
92%
東浦和
92%
南浦和
92%
西浦和
92%
北府中
92%
府中本町
92%
船橋法典
85%
市川大野
85%
新八柱
85%
新松戸
85%
東所沢
85%
新小平
85%
南船橋
77%
新秋津
77%
東松戸
69%
No matching quizzes found
Score Distribution
Percent of People with Each Score
Percentile by Number Answered
Your Score History
You have not taken this quiz